| 000 | 00503nam a2200181Ia 4500 | ||
|---|---|---|---|
| 003 | OSt | ||
| 005 | 20140321090216.0 | ||
| 008 | 140130s9999 xx 000 0 und d | ||
| 020 | _a9780439503709 | ||
| 050 |
_aLB 1537 _b.Se4423 [ca.1990] |
||
| 100 | _aSevaly, Karen | ||
| 245 |
_cKaren Sevaly. _aJanuary : _ba creative idea book for the elementary teacher / |
||
| 260 |
_bScholastic, _a1997. _cNew York : |
||
| 300 |
_a144 p. : _bill. ; _c26 cm. |
||
| 440 | _v1 | ||
| 942 |
_cBK _2lcc |
||
| 999 |
_c42110 _d42110 |
||